000
00302nam a22001337a 4500
008
190201b xxu||||| |||| 00| 0 eng d
020
_a
0882841262
041
_a
eng
080
_a
201
100
_a
24
101
_a
TEO
245
_a
Religion in Contemporary Society
_c
Chalfant, H.P
942
_2
udc
_c
BK
999
_c
53913
_d
53913